000
00249nam a2200109Ia 4500
008
170620s9999 xx 000 0 und d
100
_a
GUPTA -S L
245
0
_a
SALES AND DISTRIBUTION MANAGEMENT
260
_b
DELHI EXCEL
260
_c
2009
300
_a
600
546
_a
ENGLISH
999
_c
29883
_d
29883